000 00991nam a2200265 i 4500
001 121339
003 ES-MaACL
005 20250822063159.0
007 t|
008 070214s1986 sp r ||||1|cspa d
080 _a929(460.23)"19"
100 1 _aPla, Josep,
_d1897-1981
_9164614
245 1 0 _aDalí, Gaudí, Nonell
_b: tres artistas catalanes /
_cJosep Pla ; introducción de J. M. Castellet ; [traductor, María Parés].
260 _aMadrid ;
_aBarcelona :
_bAlianza :
_bEnciclopedia Catalana,
_c1986.
300 _a131 p. ;
_c12 cm.
490 1 _aBiblioteca de cultura catalana ;
_v4
594 _aTrad. de: Homenots, Dalí, Gaudí, Nonell.
650 4 _aArtistas-
_zCataluña-
_vBiografías.
_9155128
650 4 _aCatalanes-
_yS.XX-
_vBiografías.
_9152434
700 1 _aCastellet, J. M.,
_d1926-2014
_9156498
700 1 _aParés, María.
_989100
830 0 _aBiblioteca de cultura catalana ;
_v4
_9178600
852 _aES-MaACL
_jL-10656
999 _c121339
_d121339